000 00482nam a2200181Ia 4500
008 240925s9999 xx 000 0 und d
020 _a879014997
082 _a512.9 MUN
100 _aMunem, M.A
245 0 _aCollege Algebra: with applications
250 _aNA
260 _aNew York:
_bWorth Publishers
_c,1992.
300 _axxiv,668p.
_bNA
_fInternational Edition
500 _aIncludes Index
600 _aEngineering Technology
650 _aNatural Science
942 _cBK
999 _c5596
_d5596